000 01692nam a2200469 i 4500
001 43440
003 KOSZ 005
005 20240405063142.0
008 031010s2003 pl a f |000 0 pol d
020 _a8373261702
040 _cKOSZ 005
_aKOSZ 005
_dKOSZ 005/HR
041 0 _apol
_beng
046 _k2003
080 _a528.9
080 _a910:004.65
080 _a332.14(438)"1989/..."
080 _a711.2(438)"1989/..."
245 0 0 _aSystemy informacji przestrzennej w planowaniu i rozwoju regionalnym /
_cpod red. Tomasza Parteki i Jarosława T. Czochańskiego.
260 _aWarszawa :
_bKPZK,
_c2003.
300 _a216 s. :
_bil. ;
_c21 cm.
336 _2rdacontent
_aTekst
_btxt
337 _2rdamedia
_aBez urządzenia pośredniczącego
_bn
338 _2rdacarrier
_aWolumin
_bnc
380 _aKsiążki
380 _aPublikacje naukowe
388 _a2001-
490 1 _aBiuletyn / Polska Akademia Nauk. Komitet Przestrzennego Zagospodarowania Kraju,
_x0079-3493 ;
_vz.206
500 _aStreszcz. ang. przy art.
504 _aBibliogr. przy art.
648 7 _a1901-2000
648 7 _a1989-2000
648 7 _a2001-
650 7 _aGeoinformacja
650 7 _aPlanowanie regionalne
650 7 _aPlanowanie przestrzenne
658 _aGeografia i nauki o Ziemi
700 1 _aParteka, Tomasz
_d(1944- )
_eRedakcja
700 1 _aCzochański, Jarosław Tomasz
_eRedakcja
830 0 _aBiuletyn (Polska Akademia Nauk. Komitet Przestrzennego Zagospodarowania Kraju)
_vz.206
856 _uhttp://koha.tu.koszalin.pl/cgi-bin/koha/opac-detail.pl?biblionumber=43440
_yKatalog online BPK
942 _cKS
_2UKD
999 _c43440
_d43440